000 00424nam a22001817a 4500
999 _c11524
_d11524
003 OSt
008 220910b ||||| |||| 00| 0 eng d
020 _a9789351611066
082 _a658.083 GUS
100 _aGUPTA, S.P.
245 _aBusiness Statistics
250 _a19th ed.
260 _aNew Delhi
_bSultan Chand & Sons
_c2022
300 _a798 p.
650 _aB.Com
700 _aGUPTA, M.P.
942 _2ddc
_cBK
_05